Regulácia pohybu osôb a pracovníkov v dôsledku vystúpenia Veľkej Británie z Európskej únie a z Európskeho spoločenstva pre atómovú energiu

Súčasné vzťahy medzi Spojeným kráľovstvom a Európskou úniou v oblasti voľného pohybu osôb, na ktoré sa vzťahuje dohoda o vystúpení (Brexit). Podmienky vystúpenia z Európskej únie. Dohoda o vystúpení z Európskej únie. Práva týkajúce sa pohybu osôb a pracovníkov.

Salvato in:
Dettagli Bibliografici
Autore principale: Čiernik, Peter
Altri autori: Nováček, Peter
Natura: Capitolo di libro
Lingua:slovacco
Soggetti:
Tags: Aggiungi Tag
Nessun Tag, puoi essere il primo ad aggiungerne!!

MARC

LEADER 00000naa a2200000 4500
001 0272134
005 20210222112111.0
041 0 |a slo 
044 |a SK 
245 1 0 |a Regulácia pohybu osôb a pracovníkov v dôsledku vystúpenia Veľkej Británie z Európskej únie a z Európskeho spoločenstva pre atómovú energiu  |c Peter Čiernik, Peter Nováček 
520 |a Súčasné vzťahy medzi Spojeným kráľovstvom a Európskou úniou v oblasti voľného pohybu osôb, na ktoré sa vzťahuje dohoda o vystúpení (Brexit). Podmienky vystúpenia z Európskej únie. Dohoda o vystúpení z Európskej únie. Práva týkajúce sa pohybu osôb a pracovníkov. 
610 2 0 |a právo 
610 2 0 |a dohody 
610 2 0 |a Veľká Británia 
610 2 0 |a Európska únia 
100 1 |a Čiernik, Peter 
700 1 |a Nováček, Peter